Piłkarze TSG Hoffenheim - nagła śmierć - Statystyki

Ogólne statystyki
  • Ten quiz został rozwiązany 62 razy
  • Średni wynik to 4 z 7
Answers on the Grid
Answers color-coded by a green-red scale on the quiz's grid according to % correct below.
David Alaba
Raphinha
Philippe Coutinho
Andrej Kramarić
Bastian Schweinsteiger
Serge Gnabry
Roberto Firmino
Erling Haaland
Niklas Süle
Fabinho
Joelinton
Sadio Mané
Jérôme Boateng
Ryan Sessegnon
Jack Grealish
Toni Kroos
 
Statystyki odpowiedzi
Odpowiedź % Poprawnych
Andrej Kramarić
86%
Roberto Firmino
68%
Niklas Süle
64%
Serge Gnabry
58%
Joelinton
54%
Ryan Sessegnon
50%
David Alaba
34%
Nie znaleziono quizów pasujących do podanych kryteriów
Rozkład punktacji
Procent ludzi z każdym wynikiem
Percentyl według liczby udzielonych odpowiedzi
Twoja historia wyników
Nie rozwiązałeś tego quizu